[Event "Eastern Asia-ch U12"]
[Site "Tornelo INT"]
[Date "2021.10.31"]
[Round "9"]
[White "Gan, Wei En Justin"]
[Black "Maheshwari, Vyom"]
[Result "1-0"]
[WhiteElo "1175"]
[BlackElo "1070"]
[PlyCount "66"]
[EventDate "2021.10.29"]
[EventType "swiss"]
[EventRounds "9"]
[EventCountry "NET"]
[SourceTitle "EXT 2023"]
[Source "ChessBase"]
[SourceDate "2022.10.05"]
[SourceVersion "1"]
[SourceVersionDate "2022.10.05"]
[SourceQuality "1"]

1. e4 d5 2. exd5 Nf6 3. d4 Bg4 4. Be2 Bxe2 5. Nxe2 Qxd5 6. 0-0 e6 7. Nf4 Qd8 8. c4 c6 9. Nc3 Be7 10. Be3 0-0 11. Rc1 Nbd7 12. d5 cxd5 13. cxd5 exd5 14. Ncxd5 Nxd5 15. Nxd5 Nf6 16. Nxe7+ Qxe7 17. Bc5 Qe5 18. Bxf8 Rxf8 19. b3 h5 20. Re1 Qf4 21. Rc4 Qf5 22. Qc2 Qg5 23. Rc7 h4 24. Qc5 Qg6 25. Qxf8+ Kh7 26. Qxf7 Qg5 27. Qxg7+ Qxg7 28. Rxg7+ Kxg7 29. Re7+ Kg6 30. Rxb7 a5 31. Ra7 a4 32. Rxa4 Nd5 33. Rxh4 Nc3 1-0

[Event "Eastern Asia-ch U12"]
[Site "Tornelo INT"]
[Date "2021.10.30"]
[Round "4"]
[White "Maheshwari, Vyom"]
[Black "Helmy, Muhammad Adnin Nuay"]
[Result "1-0"]
[WhiteElo "1070"]
[BlackElo "1244"]
[PlyCount "97"]
[EventDate "2021.10.29"]
[EventType "swiss"]
[EventRounds "9"]
[EventCountry "NET"]
[SourceTitle "EXT 2023"]
[Source "ChessBase"]
[SourceDate "2022.10.05"]
[SourceVersion "1"]
[SourceVersionDate "2022.10.05"]
[SourceQuality "1"]

1. Nf3 d5 2. e3 Nf6 3. c4 e6 4. g3 Be7 5. Bg2 dxc4 6. Qa4+ c6 7. Qxc4 b5 8. Qc2 Bb7 9. Nd4 Nd5 10. a3 Qb6 11. b3 c5 12. Nf3 Nd7 13. 0-0 Rc8 14. d3 0-0 15. Bb2 Bf6 16. Nbd2 Bxb2 17. Qxb2 N5f6 18. Rac1 Rfd8 19. d4 cxd4 20. Nxd4 Bxg2 21. Kxg2 Ne5 22. Qb1 Nc6 23. Nxc6 Rxc6 24. Nf3 g6 25. Rc2 Rxc2 26. Qxc2 Qb7 27. Rc1 Kg7 28. h4 h6 29. Qc6 Qe7 30. b4 Qd7 31. Qxd7 Rxd7 32. Nd4 a6 33. Rc6 Ra7 34. Rb6 Nd5 35. Rd6 Nc7 36. Rd7 Kf8 37. Nc6 Rb7 38. Nd8 Ra7 39. Nxf7 Ke8 40. Ne5 g5 41. hxg5 hxg5 42. Rh7 Kf8 43. Kh3 Kg8 44. Rd7 Kf8 45. Kg4 Rb7 46. Kxg5 Ke8 47. g4 Kf8 48. Kh6 Ke8 49. g5 1-0